| 000 | 01734nam a22003014aa4500 | ||
|---|---|---|---|
| 003 | BOFEUTO | ||
| 005 | 20260626110349.0 | ||
| 008 | 260611t2025 bo gr 000 f spa d | ||
| 040 |
_6BOFEUTO _aBOFEUTO _cBOFEUTO |
||
| 041 | _aspa | ||
| 044 | _abo | ||
| 082 |
_aTE6324 _bAr658v |
||
| 100 |
_aAranivar Nina, Marcos _eautor |
||
| 245 |
_aVariables técnicas-económicas para identificar las causas de los costos no calidad en la producción de latas de aluminio de cerveza para la Empresa Enalbo de la ciudad de Oruro / _c Marcos Aranivar Nina, José Luis Tangara Colque |
||
| 260 |
_aOruro : _bs/n, _c2025. |
||
| 300 |
_a109 hojas ; _btab, gráf. ; _c28.5 cm. |
||
| 500 | _aIncluye bibliografía, anexos. | ||
| 502 | _aTesis Dirigida, (Licenciatura) -- Universidad Técnica de Oruro, Facultad de Ciencias Económicas, Financieras y Administrativas, Carrera Ingeniería Comercial, 2025. | ||
| 520 | _aEl presente trabajo de investigación se justifica por las características económicas, porque se analizará los factores que están generando interrupciones, tiempos de inactividad, desperdicios y retrasos en el proceso operativo de producción de latas, y se propone un plan de mejora continua, porque un plan de mejora continua permitirá implementar mejores prácticas y tecnologías para aumentar la eficiencia y la producción reduciendo pérdida y costos. El problemas que dio lugar ala presente investigación es : realizar un plan de mejora continua que permita mejorar el proceso de producción. | ||
| 650 | _aCostos | ||
| 653 | _aProceso | ||
| 653 | _aMejora Continua | ||
| 653 | _aCosta | ||
| 653 | _aCalidad | ||
| 653 | _aSeis Sigma | ||
| 700 |
_aTangara Colque, José Luis _etutor |
||
| 942 |
_2ddc _cTE _n0 |
||
| 999 |
_c16182 _d16182 |
||